| 000 | 01147cam a22003135i 4500 | ||
|---|---|---|---|
| 999 |
_c28918 _d28889 |
||
| 001 | 013135667 | ||
| 003 | EG-ScBUE | ||
| 005 | 20201014124557.0 | ||
| 008 | 050308s2006 njua 001 0 eng | ||
| 020 | _a0131974076 (pbk.) | ||
| 020 | _a9780131974074 (pbk.) | ||
| 040 |
_aStDuBDS _beng _erda _cStDuBDS _dUk _dEG-ScBUE |
||
| 082 | 0 | 4 |
_a004.165 _bBRE _222 |
| 100 | 1 | 0 |
_aBrey, Barry B., _eauthor. |
| 245 | 1 | 4 |
_aThe Intel microprocessors : 8086/8088, 80186/80188, 80286, 80386, 80486, Pentium, Pentium Pro Processor, Pentium II, Pentium III, and Pentium 4 : _barchitecture, programming, and interfacing / _cBarry B. Brey. |
| 250 | _aSeventh edition. | ||
| 250 | _aInternational edition. | ||
| 264 | 1 |
_aUpper Saddle River, N.J. : _bPearson Education / Prentice Hall, _c[2003] |
|
| 264 | 4 | _cc2003 | |
| 300 |
_axi, 900 pages : _billustrations ; _c26 cm |
||
| 336 |
_atext _btxt _2rdacontent |
||
| 337 |
_aunmediated _bn _2rdamedia |
||
| 338 |
_avolume _bnc _2rdacarrier |
||
| 500 | _aIncludes index. | ||
| 650 | 7 |
_aIntel microprocessors. _2BUEsh |
|
| 650 | 7 |
_aPentium (Microprocessors) _2BUEsh |
|
| 653 |
_bCOMSCI _cOctober2020 |
||
| 942 |
_2ddc _cBB |
||